Catálogo

Indagar junto a la ventana : (Registro nro. 60549)

Detalles MARC
000 -LEADER
fixed length control field 01461cam a2200373 i 4500
001 - CONTROL NUMBER
control field 60549
003 - CONTROL NUMBER IDENTIFIER
control field Mx-PuUPA
005 - DATE AND TIME OF LATEST TRANSACTION
control field 20250117125918.0
008 - FIXED-LENGTH DATA ELEMENTS--GENERAL INFORMATION
fixed length control field 140415s2000 sp a gr 000 0 spa d
017 ## - COPYRIGHT OR LEGAL DEPOSIT NUMBER
Copyright or legal deposit number B-15581-00/2000
020 ## - INTERNATIONAL STANDARD BOOK NUMBER
International Standard Book Number 8474327288
040 ## - CATALOGING SOURCE
Original cataloging agency Mx-PuUPA
Language of cataloging spa
Transcribing agency Mx-PuUPA
Modifying agency Mx-PuUPA
Description conventions rda
041 1# - LANGUAGE CODE
Language code of text/sound track or separate title spa
Language code of original eng
100 1# - MAIN ENTRY--PERSONAL NAME
Personal name Whitin, Phyllis,
Relator term autor
240 1# - UNIFORM TITLE
Uniform title Inquiry at the window. Pursuing the wonders of learners.
Language of a work Español
245 10 - TITLE STATEMENT
Title Indagar junto a la ventana :
Remainder of title como estimular la curiosidad de los alumnos /
Statement of responsibility, etc. Phyllis Whitin, David J. Whitin ; traducción, Daniel B. Coria
250 ## - EDITION STATEMENT
Edition statement Primera edición /
Remainder of edition statement abril
264 #1 - PRODUCTION, PUBLICATION, DISTRIBUTION, MANUFACTURE, AND COPYRIGHT NOTICE
Place of production, publication, distribution, manufacture España :
Name of producer, publisher, distributor, manufacturer Editorial Gedisa,
Date of production, publication, distribution, manufacture, or copyright notice 2000
300 ## - PHYSICAL DESCRIPTION
Extent 249 páginas :
Other physical details ilustraciones, tablas ;
Dimensions 23 cm
336 ## - CONTENT TYPE
Fuente rdacontent
Content type term texto
Content type code txt
336 ## - CONTENT TYPE
Fuente rdacontent
Content type term imagen fija
Content type code sti
337 ## - MEDIA TYPE
Source rdamedia
Media type term sin medio
Media type code n
338 ## - CARRIER TYPE
Source rdacarrier
Carrier type term volumen
Carrier type code nc
490 0# - SERIES STATEMENT
Series statement Colección Biblioteca de la Educación
490 0# - SERIES STATEMENT
Series statement Didáctica general ;
Volume/sequential designation 5
650 #7 - SUBJECT ADDED ENTRY--TOPICAL TERM
Source of heading or term armarc
Topical term or geographic name entry element Psicología educativa
General subdivision Niños
650 #7 - SUBJECT ADDED ENTRY--TOPICAL TERM
Source of heading or term armarc
Topical term or geographic name entry element Motivación (Psicología)
General subdivision Educación primaria
700 1# - ADDED ENTRY--PERSONAL NAME
Personal name Whitin, David J.,
Relator term autor
700 1# - ADDED ENTRY--PERSONAL NAME
Personal name Coria, Daniel B.,
Relator term traductor
765 0# - ORIGINAL LANGUAGE ENTRY
Main entry heading Whitin, Phyllis,
Place, publisher, and date of publication Portsmouth : Reed Elsevier, ©1997
Title Inquiry at the window. Pursuing the wonders of learners.
942 ## - ADDED ENTRY ELEMENTS (KOHA)
Source of classification or shelving scheme Dewey Decimal Classification
Koha item type Libro
Classification part 371.39
Item part W57
Existencias
Withdrawn status Lost status Source of classification or shelving scheme Damaged status Not for loan Collection code Home library Current library Shelving location Date acquired Source of acquisition Total Checkouts Total Renewals Full call number Barcode Date last seen Date last checked out Price effective from Koha item type
    Dewey Decimal Classification     General Biblioteca Karol Wojtyla Biblioteca Karol Wojtyla Sala general 03/12/2013 Compra 2 2 371.39 W57 2000 91222 05/01/2026 19/08/2023 27/08/2014 Libro